Movies Quiz

Random Movies or James Bond Quiz

Bond Villains Quiz Stats

 Plays Quiz Updated Jan 14, 2019

Support Sporcle.
Go Orange.
Score 0/32 Timer 08:00
0 Plays Today
Film Villain % Correct
Dr. NoJulius No
89.1%
GoldfingerAuric Goldfinger
86.9%
SpectreErnst Stavro Blofeld
83.2%
From Russia With LoveErnst Stavro Blofeld
65.7%
ThunderballErnst Stavro Blofeld
65.7%
On Her Majesty's Secret ServiceErnst Stavro Blofeld
65.6%
You Only Live TwiceErnst Stavro Blofeld
65.6%
Diamonds Are ForeverErnst Stavro Blofeld
65.6%
The Man with the Golden GunFrancisco Scaramanga
54.9%
GoldenEyeAlec Trevelyan
46.4%
Casino RoyaleLe Chiffre
41.1%
MoonrakerHugo Drax
38.2%
Live and Let DieDr. Kananga/Mr. Big
37.5%
Casino RoyaleMr. White
36.8%
Quantum of SolaceMr. White
36.8%
SkyfallRaoul Silva
36.7%
Film Villain % Correct
A View to a KillMax Zorin
35.5%
Tomorrow Never DiesElliot Carver
33.4%
ThunderballEmilio Largo
30.3%
From Russia With LoveRosa Klebb
30.1%
The World Is Not EnoughElektra King
29.3%
Die Another DayGustav Graves/Colonel Tan-Sun Moon
28.8%
The World Is Not EnoughViktor 'Renard' Zokas
28.3%
Quantum of SolaceDominic Greene
26%
Licence to KillFranz Sanchez
23.8%
OctopussyKamal Khan
22.9%
The Spy Who Loved MeKarl Stromberg
22.4%
For Your Eyes OnlyGeneral Gogol
21%
The Living DaylightsBrad Whitaker
16.8%
For Your Eyes OnlyAris Kristatos
16.2%
OctopussyGeneral Orlov
15.4%
The Living DaylightsGeneral Georgi Koskov
14.3%

From the Vault

State by Largest Two-Word City

by Anne13

Two-word cities would like to stick together, but often there's just not space on the map.
Remove Ads.
Support Sporcle.
Get the best of Sporcle when you Go Orange. This ad-free experience offers more features, more stats, and more fun while also helping to support Sporcle. Thank you for becoming a member.

Show Comments

Extras

Top Quizzes Today


Score Distribution

Your Account Isn't Verified!

In order to create a playlist on Sporcle, you need to verify the email address you used during registration. Go to your Sporcle Settings to finish the process.

Report this User

Report this user for behavior that violates our Community Guidelines.

Details: